[Event "Mittelfrank Regionalliga Sud-West 2122"]
[Site "Mittelfranken"]
[Date "2022.03.20"]
[Round "4.5"]
[White "Pleyer, Felix"]
[Black "Guclu, Yaman"]
[Result "0-1"]
[WhiteElo "1867"]
[BlackElo "1982"]
[PlyCount "86"]
[EventDate "2021.10.24"]
[EventType "team-tourn"]
[EventRounds "9"]
[EventCountry "GER"]
[SourceTitle "EXT 2024"]
[Source "ChessBase"]
[SourceDate "2023.10.10"]
[SourceVersion "1"]
[SourceVersionDate "2023.10.10"]
[SourceQuality "1"]
[WhiteTeam "Kempten"]
[BlackTeam "Garching III"]
[WhiteTeamCountry "GER"]
[BlackTeamCountry "GER"]

1. d4 d5 2. Nf3 Nf6 3. g3 g6 4. Bg2 Bg7 5. 0-0 0-0 6. c4 c6 7. Nc3 dxc4 8. Ne5 Be6 9. a4 Nbd7 10. Nf3 Bd5 11. Re1 Ne4 12. Qc2 Nxc3 13. bxc3 f5 14. Ng5 Bxg2 15. Kxg2 Nf6 16. e4 fxe4 17. Ne6 Qd5 18. Nc7 Qf5 19. Nxa8 Qf3+ 20. Kg1 Rxa8 21. Be3 Nd5 22. Rac1 b5 23. Qb2 a6 24. Ra1 e5 25. dxe5 Bxe5 26. Bd4 Bxd4 27. cxd4 c3 28. Qe2 b4 29. Qc4 Rf8 30. Ra2 Qd3 31. Qxc6 Qxd4 32. Qe6+ Kg7 33. Rxe4 Qd1+ 34. Re1 c2 35. Qe5+ Rf6 36. Ra1 Qf3 37. Qd4 b3 38. Ra3 Qc3 39. Re7+ Kf8 40. Qxd5 c1Q+ 41. Kg2 Kxe7 42. Rxb3 Rxf2+ 43. Kxf2 Q1c2+ 0-1

[Event "Venice Autumn op 12th"]
[Site "Venice"]
[Date "2006.11.04"]
[Round "3"]
[White "Barletta, Mauro"]
[Black "Guclu, Yaman"]
[Result "1-0"]
[WhiteElo "2244"]
[BlackElo "2026"]
[PlyCount "65"]
[EventDate "2006.11.03"]
[EventType "swiss"]
[EventRounds "5"]
[EventCountry "ITA"]
[SourceTitle "CBM 115 Extra"]
[Source "ChessBase"]
[SourceDate "2007.01.10"]
[SourceVersion "1"]
[SourceVersionDate "2007.01.10"]
[SourceQuality "1"]

1. c4 g6 2. e4 d6 3. Nc3 Bg7 4. g3 Nf6 5. Bg2 0-0 6. Nge2 e5 7. d3 Nc6 8. 0-0 Be6 9. Nd5 Qd7 10. Bh6 Nxd5 11. Bxg7 Nc3 12. bxc3 Kxg7 13. Rb1 Rab8 14. Qd2 f6 15. f4 Na5 16. Kh1 h5 17. Ng1 b6 18. Nf3 Bf7 19. Rf2 Rbd8 20. Rbf1 Be8 21. Qe3 Nc6 22. d4 Bf7 23. Nd2 Na5 24. fxe5 dxe5 25. d5 Qd6 26. c5 Qxc5 27. Qxc5 bxc5 28. Rxf6 Bg8 29. Ra6 Rxf1+ 30. Bxf1 Nb7 31. Rxa7 Rb8 32. Nc4 Kf6 33. Ra6+ 1-0

[Event "Venice Autumn op 12th"]
[Site "Venice"]
[Date "2006.11.04"]
[Round "2"]
[White "Guclu, Yaman"]
[Black "Pfeifer, Andreas"]
[Result "1/2-1/2"]
[WhiteElo "2026"]
[BlackElo "2130"]
[PlyCount "101"]
[EventDate "2006.11.03"]
[EventType "swiss"]
[EventRounds "5"]
[EventCountry "ITA"]
[SourceTitle "CBM 115 Extra"]
[Source "ChessBase"]
[SourceDate "2007.01.10"]
[SourceVersion "1"]
[SourceVersionDate "2007.01.10"]
[SourceQuality "1"]

1. d4 e6 2. c4 Nf6 3. Nf3 b6 4. g3 Bb7 5. Bg2 Bb4+ 6. Bd2 Bxd2+ 7. Nbxd2 0-0 8. 0-0 d6 9. Qc2 Nbd7 10. a3 a5 11. b4 axb4 12. axb4 Qe7 13. e3 Rfc8 14. Nh4 Bxg2 15. Kxg2 Qf8 16. Rfb1 Rxa1 17. Rxa1 Ra8 18. Ra4 Qe8 19. Qa2 Rxa4 20. Qxa4 Nb8 21. Qxe8+ Nxe8 22. b5 Nd7 23. Nhf3 g6 24. Ne1 Kg7 25. Nd3 Ndf6 26. Kf3 Kf8 27. h3 Ke7 28. Ke2 Nd7 29. Nb3 e5 30. Nb4 Nef6 31. Nc6+ Ke8 32. Kd3 exd4 33. Kxd4 Nc5 34. Nxc5 bxc5+ 35. Kd3 Kd7 36. e4 Ke6 37. Nd8+ Ke7 38. Nc6+ Ke6 39. Ke3 Nd7 40. Nd8+ Kf6 41. Nc6 Nb6 42. Kd3 Ke6 43. Na5 f5 44. Ke3 fxe4 45. Kxe4 d5+ 46. cxd5+ Nxd5 47. Kd3 Nb6 48. Nc4 Kd5 49. Ne3+ Ke5 50. Nc4+ Kd5 51. Ne3+ 1/2-1/2

[Event "Veneto Region-ch"]
[Site "Arqua Petrarca"]
[Date "2006.05.07"]
[Round "2"]
[White "Caruso, Augusto"]
[Black "Guclu, Yaman"]
[Result "1-0"]
[WhiteElo "2274"]
[BlackElo "2027"]
[PlyCount "113"]
[EventDate "2006.05.06"]
[EventType "swiss"]
[EventRounds "6"]
[EventCountry "ITA"]
[SourceTitle "EXT 2011"]
[Source "ChessBase"]
[SourceDate "2010.11.26"]
[SourceVersion "1"]
[SourceVersionDate "2010.11.26"]
[SourceQuality "1"]

1. Nc3 d5 2. d4 Nf6 3. Bg5 c5 4. Nf3 Nc6 5. e3 e6 6. Be2 Be7 7. 0-0 0-0 8. h3 a6 9. a3 Ne4 10. Bf4 Bd6 11. Bxd6 Nxc3 12. bxc3 Qxd6 13. c4 dxc4 14. Bxc4 b5 15. Bd3 h6 16. c3 Bb7 17. Qe2 e5 18. Rfd1 exd4 19. cxd4 c4 20. Bc2 Rfe8 21. e4 Na5 22. d5 Qc5 23. Nd4 Bxd5 24. Nf5 Be6 25. Nd6 Red8 26. e5 Nc6 27. Qe4 g6 28. Re1 Qd5 29. Rad1 Qc5 30. Qf4 Ra7 31. Qxh6 Nxe5 32. Ne4 Qe7 33. Rxd8+ Qxd8 34. Ng5 Qf6 35. f4 Nc6 36. f5 Qc3 37. Rf1 Qe3+ 38. Kh1 Qe2 39. Rf3 Qe1+ 40. Kh2 Qe5+ 41. Kg1 Qe1+ 42. Rf1 Qe3+ 43. Kh1 Qe2 44. Rg1 Bxf5 45. Bxf5 gxf5 46. Qxc6 Qe7 47. Nf3 Qxa3 48. Re1 Re7 49. Rd1 Re6 50. Qc8+ Kg7 51. Ng5 Re7 52. Qxf5 Qg3 53. Qh7+ Kf6 54. Qh6+ Kf5 55. Rf1+ Ke5 56. Qf6+ Kd5 57. Qxe7 1-0

[Event "Veneto-ch qf 65th"]
[Site "Arqua Petrarca"]
[Date "2005.05.15"]
[Round "6.12"]
[White "Guclu, Yaman"]
[Black "Giuriato, Sergio"]
[Result "1-0"]
[WhiteElo "2023"]
[BlackElo "2002"]
[PlyCount "79"]
[EventDate "2005.05.07"]
[EventType "swiss"]
[EventRounds "6"]
[EventCountry "ITA"]
[SourceTitle "EXT 2024"]
[Source "ChessBase"]
[SourceDate "2023.10.10"]
[SourceVersion "1"]
[SourceVersionDate "2023.10.10"]
[SourceQuality "1"]

1. d4 Nf6 2. c4 e6 3. Nf3 Bb4+ 4. Nbd2 0-0 5. g3 c5 6. Bg2 cxd4 7. Nxd4 Nc6 8. Nc2 Be7 9. 0-0 d5 10. b3 Bd7 11. Bb2 Rc8 12. Rc1 Qc7 13. Bxf6 Bxf6 14. cxd5 exd5 15. Bxd5 Bh3 16. Bg2 Bxg2 17. Kxg2 Rfd8 18. Ne3 Qa5 19. Rc2 Ne7 20. Ndc4 Qh5 21. Rd2 Nc6 22. Nd5 b5 23. Nxf6+ gxf6 24. Nd6 Rb8 25. Rd5 Qg4 26. e4 Qe6 27. Re1 Nb4 28. Rd4 Nxa2 29. Nf5 Rxd4 30. Qg4+ Kf8 31. Qg7+ Ke8 32. Nxd4 Qb6 33. Qg8+ Ke7 34. Qxb8 Qxd4 35. Qb7+ Kf8 36. Qd5 Qb6 37. Rd1 Kg7 38. Qd2 Qe6 39. Qxa2 Qxe4+ 40. Kg1 1-0

[Event "ITA-ch sf"]
[Site "San Martino di Castrozza"]
[Date "2003.06.25"]
[Round "5"]
[White "Guclu, Yaman"]
[Black "Damia, Angelo"]
[Result "1/2-1/2"]
[WhiteElo "1771"]
[BlackElo "1991"]
[PlyCount "39"]
[EventDate "2003.06.21"]
[EventType "swiss"]
[EventRounds "9"]
[EventCountry "ITA"]
[SourceTitle "EXT 2005"]
[Source "ChessBase"]
[SourceDate "2004.11.15"]
[SourceVersion "1"]
[SourceVersionDate "2004.11.15"]
[SourceQuality "1"]

1. e4 c5 2. Nf3 a6 3. c3 d6 4. d4 cxd4 5. cxd4 g6 6. Bc4 Nf6 7. Nc3 Bg7 8. a4 0-0 9. 0-0 Nc6 10. Re1 Bg4 11. Be3 Nxe4 12. Nxe4 d5 13. Bd3 dxe4 14. Bxe4 Bxd4 15. Bxd4 Bxf3 16. Bxf3 Qxd4 17. Bxc6 Qxd1 18. Raxd1 bxc6 19. Rxe7 Rab8 20. Rc7 1/2-1/2

[Event "Veneto-ch qf 62nd"]
[Site "Arqua Petrarca"]
[Date "2002.05.05"]
[Round "3.14"]
[White "Di Giacomo, Antonio"]
[Black "Guclu, Yaman"]
[Result "1/2-1/2"]
[WhiteElo "1585"]
[BlackElo "1774"]
[PlyCount "41"]
[EventDate "2002.05.04"]
[EventType "swiss"]
[EventRounds "6"]
[EventCountry "ITA"]
[SourceTitle "EXT 2024"]
[Source "ChessBase"]
[SourceDate "2023.10.10"]
[SourceVersion "1"]
[SourceVersionDate "2023.10.10"]
[SourceQuality "1"]

1. d4 Nf6 2. c4 c5 3. e3 g6 4. Nc3 Bg7 5. Nf3 0-0 6. Bd3 d6 7. 0-0 a6 8. Ne4 Nxe4 9. Bxe4 Qc7 10. b3 Nc6 11. Rb1 Rb8 12. Bb2 b5 13. Bxc6 Qxc6 14. d5 Qc7 15. Bxg7 Kxg7 16. Nd2 Bd7 17. Qc2 bxc4 18. Qc3+ Kg8 19. bxc4 a5 20. a3 Ba4 21. e4 1/2-1/2

[Event "ITA-ch U20 24th"]
[Site "Bratto"]
[Date "2001.08.26"]
[Round "5"]
[White "Guclu, Yaman"]
[Black "Cusumano, Domenico"]
[Result "0-1"]
[WhiteElo "1831"]
[BlackElo "1939"]
[PlyCount "144"]
[EventDate "2001.08.22"]
[EventType "swiss"]
[EventRounds "9"]
[EventCountry "ITA"]
[SourceTitle "EXT 2007"]
[Source "ChessBase"]
[SourceDate "2006.11.23"]
[SourceVersion "1"]
[SourceVersionDate "2006.11.23"]
[SourceQuality "1"]

1. d4 d5 2. e4 dxe4 3. Nc3 Nf6 4. f3 exf3 5. Nxf3 Bg4 6. h3 Bxf3 7. Qxf3 c6 8. Qf2 e6 9. Bd3 Qc7 10. Bf4 Bd6 11. Bxd6 Qxd6 12. 0-0 Nbd7 13. Ne4 Qe7 14. Ng3 0-0 15. Rae1 Qd6 16. c4 Rad8 17. Bb1 b5 18. c5 Qc7 19. Ne4 Nxe4 20. Rxe4 e5 21. dxe5 Nxe5 22. Qf5 Ng6 23. Rfe1 Rd5 24. Qf2 f6 25. a4 Re5 26. axb5 cxb5 27. b4 a5 28. Rxe5 Nxe5 29. Qf5 g6 30. Qe6+ Kg7 31. Qd6 Qxd6 32. cxd6 axb4 33. Rd1 Rd8 34. Ba2 Nf7 35. Bxf7 Kxf7 36. Rd5 Rb8 37. d7 Ke7 38. d8Q+ Rxd8 39. Rxb5 Rd4 40. Rb6 h5 41. Kf2 h4 42. Ke3 Rc4 43. Rb7+ Kf8 44. Kd2 g5 45. Kd3 Rf4 46. Ke3 Ke8 47. Rh7 Kd8 48. Rb7 Kc8 49. Rb5 Kc7 50. Kd3 Rf2 51. Rxb4 Rxg2 52. Ke4 Rf2 53. Rb5 Rf4+ 54. Ke3 Kd6 55. Ra5 Ke6 56. Rb5 Kf7 57. Ra5 Kg6 58. Rb5 Ra4 59. Rb3 f5 60. Kf3 g4+ 61. hxg4 fxg4+ 62. Kg2 Ra2+ 63. Kg1 h3 64. Rg3 Kg5 65. Rb3 Rg2+ 66. Kh1 Rf2 67. Kg1 Rf3 68. Rb2 g3 69. Rb5+ Kg4 70. Rb4+ Rf4 71. Rb3 h2+ 72. Kg2 Rf2+ 0-1

[Event "Veneto Region-ch"]
[Site "Arqua Petrarca"]
[Date "2001.05.13"]
[Round "5"]
[White "Pechy, Alaster"]
[Black "Guclu, Yaman"]
[Result "1-0"]
[WhiteElo "1615"]
[BlackElo "1900"]
[PlyCount "73"]
[EventDate "2001.05.05"]
[EventType "swiss"]
[EventRounds "6"]
[EventCountry "ITA"]
[SourceTitle "EXT 2023"]
[Source "ChessBase"]
[SourceDate "2022.10.05"]
[SourceVersion "1"]
[SourceVersionDate "2022.10.05"]
[SourceQuality "1"]

1. d4 Nf6 2. c4 c5 3. d5 b5 4. cxb5 a6 5. bxa6 Bxa6 6. Nc3 d6 7. g3 g6 8. Bg2 Bg7 9. Nf3 Nbd7 10. 0-0 0-0 11. Re1 Qb6 12. h3 Rfb8 13. e4 Ne8 14. Qc2 Ra7 15. Rb1 Rab7 16. Bf4 Qc7 17. h4 c4 18. Be3 Nc5 19. Bxc5 Qxc5 20. h5 Nf6 21. hxg6 hxg6 22. e5 Ng4 23. e6 f5 24. Na4 Qa5 25. Nh4 Bd4 26. Rf1 Kg7 27. Nxf5+ gxf5 28. Qxf5 Bxf2+ 29. Rxf2 Nxf2 30. Qf7+ Kh8 31. Qxf2 Qxa4 32. Qd4+ Kg8 33. Qg4+ Kh8 34. Qh5+ Kg7 35. Qg5+ Kh8 36. Qh6+ Kg8 37. Qg6+ 1-0

[Event "Veneto Region-ch"]
[Site "Arqua Petrarca"]
[Date "2001.05.06"]
[Round "2"]
[White "Guclu, Yaman"]
[Black "Bracaglia, Carlo"]
[Result "0-1"]
[WhiteElo "1900"]
[BlackElo "2126"]
[PlyCount "55"]
[EventDate "2001.05.05"]
[EventType "swiss"]
[EventRounds "6"]
[EventCountry "ITA"]
[SourceTitle "EXT 2023"]
[Source "ChessBase"]
[SourceDate "2022.10.05"]
[SourceVersion "1"]
[SourceVersionDate "2022.10.05"]
[SourceQuality "1"]

1. e4 c6 2. d4 d5 3. exd5 cxd5 4. c4 Nf6 5. Nc3 g6 6. Bf4 Bg7 7. Nf3 0-0 8. h3 Nc6 9. c5 Bf5 10. Bb5 Be4 11. Nxe4 dxe4 12. Bxc6 bxc6 13. Ne5 Nd5 14. Nxc6 Qe8 15. Nxe7+ Nxe7 16. Bd6 Qd7 17. Rc1 Rfe8 18. Bxe7 Qxe7 19. 0-0 e3 20. Qd3 e2 21. Rfe1 Qe4 22. Qxe4 Rxe4 23. d5 Bxb2 24. Rc2 Ba3 25. c6 Bd6 26. Rexe2 Rxe2 27. Rxe2 Rb8 28. Rc2 0-1

[Event "Veneto Region-ch"]
[Site "Arqua Petrarca"]
[Date "2001.05.05"]
[Round "1"]
[White "Quaranta, Cristiano"]
[Black "Guclu, Yaman"]
[Result "0-1"]
[WhiteElo "1504"]
[BlackElo "1900"]
[PlyCount "64"]
[EventDate "2001.05.05"]
[EventType "swiss"]
[EventRounds "6"]
[EventCountry "ITA"]
[SourceTitle "EXT 2023"]
[Source "ChessBase"]
[SourceDate "2022.10.05"]
[SourceVersion "1"]
[SourceVersionDate "2022.10.05"]
[SourceQuality "1"]

1. d4 Nf6 2. Bg5 c5 3. Bxf6 gxf6 4. d5 d6 5. e3 Qb6 6. Qc1 Bg7 7. Nc3 Nd7 8. g3 a6 9. Bg2 Ne5 10. Nge2 Qa5 11. 0-0 f5 12. a4 Bd7 13. Rd1 Rb8 14. Qb1 Qc7 15. Qa2 0-0 16. Rdb1 b5 17. axb5 axb5 18. Qa7 Qc8 19. Qa6 Ra8 20. Qb6 Qb8 21. Qxb8 Rfxb8 22. Nc1 b4 23. Nd1 Nc4 24. Nd3 Nd2 25. Rc1 b3 26. c3 Bb5 27. Nf4 Ra2 28. Bh3 Rba8 29. Rab1 Nxb1 30. Rxb1 Ra1 31. Bxf5 Rxb1 32. Bxb1 Ra1 0-1

[Event "Padova op-B 2nd"]
[Site "Padova"]
[Date "1999.12.18"]
[Round "4.10"]
[White "Guclu, Yaman"]
[Black "Giancotti, Eraldo"]
[Result "1-0"]
[WhiteElo "1687"]
[BlackElo "1760"]
[PlyCount "55"]
[EventDate "1999.12.11"]
[EventType "swiss"]
[EventRounds "6"]
[EventCountry "ITA"]
[SourceTitle "EXT 2024"]
[Source "ChessBase"]
[SourceDate "2023.10.10"]
[SourceVersion "1"]
[SourceVersionDate "2023.10.10"]
[SourceQuality "1"]

1. e4 g6 2. d4 Bg7 3. Nf3 d6 4. Nc3 Nf6 5. Be2 0-0 6. Bg5 c6 7. a4 Bg4 8. Qd2 Nbd7 9. 0-0 e5 10. dxe5 dxe5 11. Rfd1 Qc7 12. h3 Bxf3 13. Bxf3 Nc5 14. Be3 Ne6 15. Ne2 Rfd8 16. Qc3 Rxd1+ 17. Rxd1 Bf8 18. Qc4 Rc8 19. Nc3 Qa5 20. Nd5 Ne8 21. Bg4 Nd6 22. Nf6+ Kg7 23. Rxd6 Bxd6 24. Bxe6 fxe6 25. Qxe6 Qd8 26. Bg5 Qf8 27. Nd7 Qf7 28. Bh6+ 1-0

[Event "Padova op-B 2nd"]
[Site "Padova"]
[Date "1999.12.11"]
[Round "1.27"]
[White "Abuhamdieh, Arafat"]
[Black "Guclu, Yaman"]
[Result "0-1"]
[WhiteElo "1495"]
[BlackElo "1687"]
[PlyCount "64"]
[EventDate "1999.12.11"]
[EventType "swiss"]
[EventRounds "6"]
[EventCountry "ITA"]
[SourceTitle "EXT 2024"]
[Source "ChessBase"]
[SourceDate "2023.10.10"]
[SourceVersion "1"]
[SourceVersionDate "2023.10.10"]
[SourceQuality "1"]

1. e4 c5 2. Nf3 Nc6 3. d4 cxd4 4. Nxd4 Nf6 5. Nc3 e5 6. Ndb5 d6 7. a4 Be6 8. Bg5 a6 9. Na3 Be7 10. Nc4 Rc8 11. Bxf6 gxf6 12. Nd5 Bxd5 13. exd5 Na5 14. Ne3 Qc7 15. c4 f5 16. Nxf5 Nxc4 17. b4 Nb6 18. Qf3 Nxd5 19. Rb1 Qc3+ 20. Qxc3 Nxc3 21. Rc1 Kd7 22. a5 Bg5 23. Rc2 Nd5 24. Rb2 Rc1+ 25. Ke2 Nf4+ 26. Kf3 Rc3+ 27. Ke4 d5+ 28. Kxe5 Re8+ 29. Ne7 Rxe7+ 30. Kf5 f6 31. h4 Re5+ 32. Kg4 h5# 0-1

[Event "Padova op-A 1st"]
[Site "Padova"]
[Date "1998.12.20"]
[Round "5.1"]
[White "Guclu, Yaman"]
[Black "Zotti, Enrico"]
[Result "0-1"]
[WhiteElo "1600"]
[BlackElo "1725"]
[PlyCount "56"]
[EventDate "1998.12.12"]
[EventType "swiss"]
[EventRounds "6"]
[EventCountry "ITA"]
[SourceTitle "EXT 2023"]
[Source "ChessBase"]
[SourceDate "2022.10.05"]
[SourceVersion "1"]
[SourceVersionDate "2022.10.05"]
[SourceQuality "1"]

1. e4 c5 2. Nc3 d6 3. f4 Nf6 4. Nf3 g6 5. Bc4 Bg7 6. 0-0 0-0 7. d3 Nc6 8. Qe1 Na5 9. Bb3 Nxb3 10. axb3 a6 11. Qh4 e6 12. g4 b5 13. Nxb5 axb5 14. Rxa8 Qb6 15. Be3 Bb7 16. Rxf8+ Kxf8 17. Ng5 h6 18. f5 exf5 19. gxf5 hxg5 20. Bxg5 c4+ 21. Kg2 d5 22. e5 d4+ 23. Kh3 Qc6 24. Rf2 Nh5 25. Kg4 Bxe5 26. fxg6 Bc8+ 27. Rf5 Bxf5+ 28. Kxf5 Qe6+ 0-1

[Event "Padova op-A 1st"]
[Site "Padova"]
[Date "1998.12.12"]
[Round "1.31"]
[White "Alessi, Giovanni"]
[Black "Guclu, Yaman"]
[Result "0-1"]
[WhiteElo "1400"]
[BlackElo "1600"]
[PlyCount "84"]
[EventDate "1998.12.12"]
[EventType "swiss"]
[EventRounds "6"]
[EventCountry "ITA"]
[SourceTitle "EXT 2023"]
[Source "ChessBase"]
[SourceDate "2022.10.05"]
[SourceVersion "1"]
[SourceVersionDate "2022.10.05"]
[SourceQuality "1"]

1. e4 c5 2. Nf3 Nc6 3. Bc4 e6 4. d3 d5 5. exd5 exd5 6. Qe2+ Be6 7. Bb3 Nf6 8. Bg5 Be7 9. c4 0-0 10. 0-0 a6 11. a3 Re8 12. Qd2 b5 13. Ba2 dxc4 14. dxc4 Qb6 15. Qc2 b4 16. b3 bxa3 17. Nxa3 Rad8 18. Rfd1 Bg4 19. Rxd8 Rxd8 20. Rf1 Bxf3 21. gxf3 Nd4 22. Qd3 Qb7 23. Kg2 Nh5 24. Bd2 Nb5 25. Qf5 g6 26. Qe5 Nxa3 27. Bc3 Bf6 28. Qe3 Bxc3 29. Qxc3 Nf4+ 30. Kh1 Rd3 31. Qxd3 Nxd3 32. Kg2 Nf4+ 33. Kg3 Ne2+ 34. Kg2 Nc3 35. Ra1 Nxa2 36. Rxa2 Qxb3 37. Re2 Qxc4 38. Re4 Qxe4 39. fxe4 Nc4 40. Kf1 a5 41. Ke1 a4 42. Kd1 a3 0-1